000 00656nam a2200205Ia 4500
003 GCL
008 140319s9999 xx 000 0 ara d
040 _aGCL /
_cGCL
082 0 4 _a327.114
_bص ص
100 1 _aصاحب الربيعى
245 1 0 _aصراع المياة و ازمة الحقوق بين دول حوض النيل /
_cصاحب الربيعى
250 _aالاولى
260 _aسوريا :
_bدار الكلمة ،
_c2001
300 _a231 ص ؛
_c24 سم
650 0 4 _aنهر النيل
650 0 4 _aالمياه - تلوث
650 0 4 _aتوشكى
650 0 4 _aالمياه - قوانين وتشريعات
942 _2ddc
_cBK
999 _c5924
_d5924